| 000 | 00972nam0a2200313 4500 | ||
|---|---|---|---|
| 001 | RU\NLR\bibl\1037150 | ||
| 005 | 20250615002639.0 | ||
| 010 |
_a5-7024-2234-1 _940000 |
||
| 021 |
_aRU _b2006-79733 _94043 |
||
| 035 | _a(nilc)RSL-KNO-002995263 | ||
| 035 | _a(NLR Aleph) 001024564 | ||
| 090 |
_a719893 _c719893 |
||
| 100 | _a20061208d2007 |||y0rusy50 ca | ||
| 101 | 0 | _arus | |
| 102 | _aRU | ||
| 105 | _ay z ||||| | ||
| 106 | _ar | ||
| 200 | 1 |
_aНевеста брата _eроман _fАмелия Тоуни |
|
| 210 |
_aМосква _cПанорама _d2007 [т.е. 2006] |
||
| 215 |
_a189,[1] с. _d17 |
||
| 225 | 1 |
_aПанорама романов о любви _v07-026 |
|
| 300 | _aКн. фактически издана в 2006 г. | ||
| 700 | 1 |
_aТоуни _bА. _gАмелия _4070 |
|
| 801 | 0 |
_aRU _bРКП _c20061208 _grcr |
|
| 801 | 1 |
_aRU _bРГБ _c20061208 |
|
| 801 | 2 |
_aRU _bNLR _c20070129 _grcr |
|
| 942 | _cBOOK | ||
| 980 | _aNB | ||